[Event "Olympiad-33"]
[Site "Elista"]
[Date "1998.10.04"]
[Round "6.1"]
[White "Lautier, Joel"]
[Black "Topalov, Veselin"]
[Result "0-1"]
[WhiteElo "2625"]
[BlackElo "2700"]
[Annotator "Wells,P"]
[PlyCount "86"]
[EventDate "1998.09.29"]
[EventType "team-swiss"]
[EventRounds "13"]
[EventCountry "RUS"]
[SourceTitle "CBM 068"]
[Source "ChessBase"]
[SourceDate "1999.02.01"]
[SourceVersion "1"]
[SourceVersionDate "1999.02.01"]
[SourceQuality "1"]
[WhiteTeam "France"]
[BlackTeam "Bulgaria"]
[WhiteTeamCountry "FRA"]
[BlackTeamCountry "BUL"]

1. d4 Nf6 2. c4 e6 3. Nc3 Bb4 4. e3 c5 5. Nge2 cxd4 6. exd4 O-O 7. a3 Be7 8. d5
exd5 9. cxd5 Bc5 10. Nd4 $6 {The more I look at this variation, the more I am
convinced that if black is allowed to construct his 'standard' position
without interference he can look forward to a comfortable middle-game.} d6 11.
Be2 a6 12. O-O Nbd7 13. Be3 {This seems a logical attempt to keep this piece
in the centre to contest the key dark squares, but as we shall see this is not
the whole story! The older move was} (13. Bg5 Re8 14. b4 (14. Nb3 Ba7 15. Nd2
h6 16. Bh4 Ne5 17. Nde4 g5 18. Nxf6+ Qxf6 19. Bg3 Bf5 20. Kh1 Ng6 21. Bg4 Nf4
$1 $15 {Sadler,M-Short,N/ch-GBR, Torquay ENG 1998.}) 14... Ba7 15. Rc1 h6 16.
Bh4 Nf8 17. h3 Bd7 18. Bg3 {[%cal Yg3d6] It may be that g3, pressuring black's
only really discernable weakness, is after all the best square for this piece.}
Rc8 19. Bf3 Qb6 20. Nb3 Ng6 21. Na5 Ne5 22. Be2 Qd4 23. Qb3 Nd3 24. Bxd3 Qxd3
25. Bxd6 Bd4 26. Na2 Qxb3 27. Nxb3 Bb2 28. Rxc8 Rxc8 29. Nc5 Bxa3 $11 {Lautier,
J-Anand,V/Monte Carlo 1997/EXP 57.}) 13... Ne5 14. h3 Re8 15. b4 $6 {[%csl Rc4]
An understandable decision, since if white does not expand on the queen-side
it is hard to suggest a plan. Still, the weakness of c4 is by no means just
theoretical.} Bb6 {The choice of between b6 and a7 is here rather simply
determined. Since there are potential tactics on the e3-a7 diagonal the bishop
is most solidly placed on the square where its defender can stay put for some
time. Since the a8 rook is urgently needed to exploit white's 'looseness' on
the c-file the queen best performs this role, and hence Topalov's move is the
most logical.} 16. Qb3 {Choosing a square for the white queen is more tricky.
The text is suitable for offering support to the weakened c4 square, and for
promoting white's plan of pushing his queenside pawns ( it is difficult indeed
to see another plan! ). On the other hand the d2 square might, as we shall see,
be a more prudent choice for the less ambitious role of keeping white's
centralised pieces well defended.} Bd7 17. a4 Rc8 18. Rac1 Ng6 $1 {I already
prefer black, and it may be that even after a more prudent move such as} 19.
Rfd1 $2 (19. Rfe1 {black can consider the positional sacrifice} Rxe3 $5 20.
fxe3 Qe7 21. Bf1 Qe5 $5 {with great play on the dark squares. However, the
text is clearly a mistake after which black gets decisive tactical threats
instead of mere positional compensation.}) 19... Rxe3 $1 $17 {[%mdl 512] A
beautiful resolution of the tension by which black shows that his superiority
on the dark squares is not so latent after all. The very concrete tactical
follow-up however, puts this more into the category of combination than
intuitive sacrifice.} 20. fxe3 Qe7 (20... Qe8 $5 {[%cal Ge8e3,Gd7a4] is also
possible, eyeing a4 and thus preventing the game defence. However, white can
still struggle with} 21. Kf2 $5 Rxc3 $5 22. Rxc3 Bxa4 23. Rc8 $1 Qxc8 24. Qxa4
Nxd5 25. Bg4 Qd8 $17) 21. Na2 Rxc1 22. Nxc1 Bxa4 $1 23. Qxa4 Qxe3+ 24. Kh1 Ne4
$6 {Unnecessary sophistication! The simple} (24... Bxd4 $1 {looks very strong.}
) 25. Nf5 (25. Qe8+ $1 Nf8 26. Ne6 {Fritz 5!} fxe6 27. dxe6 Nf2+ 28. Kh2 Qxe6
29. Qxe6+ Nxe6 30. Re1 {is far from clear.}) 25... Nf2+ 26. Kh2 Qe5+ 27. Ng3
Ne4 28. Qb3 Bf2 29. Rd3 h5 $1 $19 30. Bxh5 Nxg3 31. Rxg3 Qxh5 $1 (31... Bxg3+
$2 32. Qxg3 Qxh5 33. Qxd6 $132) 32. Rxg6 {The rook cannot run away, since,
thematically enough, black would then penetrate on the dark squares eg.} (32.
Rf3 Qe5+ 33. g3 Qe1) 32... Qxg6 33. Qf3 Bd4 34. Nd3 Qg5 35. Qe4 Qe3 36. Qxe3
Bxe3 {With a pawn and an excellent minor piece, the technical phase poses no
difficulties.} 37. Kg3 g6 38. Kf3 Bd4 39. Ke2 Kg7 40. Ne1 Kf6 41. Kd3 Bf2 42.
Nf3 Kf5 43. Ke2 Ba7 0-1

[Event "Olympiad-33"]
[Site "Elista"]
[Date "1998.10.05"]
[Round "7.1"]
[White "Svidler, Peter"]
[Black "Topalov, Veselin"]
[Result "0-1"]
[WhiteElo "2710"]
[BlackElo "2700"]
[PlyCount "44"]
[EventDate "1998.09.29"]
[EventType "team-swiss"]
[EventRounds "13"]
[EventCountry "RUS"]
[SourceTitle "CBM 068"]
[Source "ChessBase"]
[SourceDate "1999.02.01"]
[SourceVersion "1"]
[SourceVersionDate "1999.02.01"]
[SourceQuality "1"]
[WhiteTeam "Russia"]
[BlackTeam "Bulgaria"]
[WhiteTeamCountry "RUS"]
[BlackTeamCountry "BUL"]

1. e4 c5 2. Nf3 d6 3. d4 cxd4 4. Nxd4 Nf6 5. Nc3 a6 6. Be3 e6 7. g4 h6 8. f4 e5
9. Nf5 h5 10. Nd5 Nxd5 11. Qxd5 g6 12. O-O-O gxf5 13. exf5 Nc6 14. Bc4 Qf6 15.
fxe5 Nxe5 16. g5 Qxf5 17. Bb3 Qf3 18. Qd2 Qc6 19. Rhf1 Be6 20. Bxe6 fxe6 21.
Rf6 O-O-O 22. Rxe6 Bg7 0-1

[Event "Olympiad-33"]
[Site "Elista"]
[Date "1998.10.12"]
[Round "13.1"]
[White "Miladinovic, Igor"]
[Black "Topalov, Veselin"]
[Result "0-1"]
[WhiteElo "2555"]
[BlackElo "2700"]
[PlyCount "105"]
[EventDate "1998.09.29"]
[EventType "team-swiss"]
[EventRounds "13"]
[EventCountry "RUS"]
[SourceTitle "CBM 068"]
[Source "ChessBase"]
[SourceDate "1999.02.01"]
[SourceVersion "1"]
[SourceVersionDate "1999.02.01"]
[SourceQuality "1"]
[WhiteTeam "Greece"]
[BlackTeam "Bulgaria"]
[WhiteTeamCountry "GRE"]
[BlackTeamCountry "BUL"]

1. d4 Nf6 2. c4 g6 3. Nc3 Bg7 4. e4 d6 5. Nf3 O-O 6. Be2 e5 7. O-O Na6 8. d5
Nc5 9. Qc2 a5 10. Bg5 h6 11. Be3 b6 12. Nd2 Ng4 13. Bxg4 Bxg4 14. b3 f5 15. f3
Bh5 16. a3 f4 17. Bf2 Na6 18. Qb2 g5 19. b4 g4 20. fxg4 Bxg4 21. Nf3 Bf6 22.
Kh1 Kh7 23. Rab1 Rg8 24. Bg1 Qd7 25. Qe2 Rg7 26. Qd3 Rag8 27. Rb2 Bh5 28. Ne1
Bh4 29. Nf3 Bf6 30. Ne1 axb4 31. axb4 Bh4 32. Bf2 Bxf2 33. Rfxf2 Qc8 34. Nf3
Qd8 35. Ne2 Nb8 36. g3 Nd7 37. Rg2 Qf6 38. Rb3 Qg6 39. Rb1 Nf6 40. Nc3 Qg4 41.
Rf1 Qh3 42. Ne2 fxg3 43. Nfg1 Bxe2 44. Nxe2 Nh5 45. Qf3 Rg5 46. Qe3 R8g7 47.
Rf5 Rxf5 48. exf5 Qxf5 49. hxg3 Nf6 50. Nc3 Qf1+ 51. Qg1 Qxc4 52. Qb1+ Rg6 53.
Qc2 0-1

[Event "Hoogovens"]
[Site "Wijk aan Zee"]
[Date "1999.01.21"]
[Round "5"]
[White "Topalov, Veselin"]
[Black "Van Wely, Loek"]
[Result "1-0"]
[WhiteElo "2700"]
[BlackElo "2636"]
[Annotator "Van Wely/Cifuentes"]
[PlyCount "63"]
[EventDate "1999.01.16"]
[EventType "tourn"]
[EventRounds "13"]
[EventCountry "NED"]
[EventCategory "17"]
[SourceTitle "CBM 069"]
[Source "ChessBase"]
[SourceDate "1999.04.01"]
[SourceVersion "1"]
[SourceVersionDate "1999.04.01"]
[SourceQuality "1"]

1. e4 {Ftacnik} c5 2. Nf3 Nc6 3. d4 cxd4 4. Nxd4 Nf6 5. Nc3 e5 6. Ndb5 d6 7.
Bg5 a6 8. Na3 b5 9. Bxf6 gxf6 10. Nd5 f5 11. c3 Bg7 12. exf5 Bxf5 13. Nc2 O-O
14. Nce3 Be6 15. Bd3 f5 16. O-O e4 17. Nf4 (17. Bc2 $2 {Ftacnik} f4 18. Bxe4
fxe3 19. Qh5 exf2+ 20. Kh1 (20. Rxf2 Rxf2 21. Qxh7+ Kf8 22. Kxf2 Ra7 23. Kg1
Rf7 $17) 20... Rf7 $19 {Bestagno-Kuntz/Cagnes/1989/}) 17... Bf7 18. Bc2 Be5 19.
Nfd5 {/\f4} (19. Nh3 Kh8 20. f4 (20. Nxf5 Be6 21. Ng3 Bxh3 22. gxh3 d5 $44)
20... Qb6 21. Re1 $2 Bg7 22. Kh1 Ne7 $17 23. g4 $6 d5 $6 (23... b4 $1 24. Nxf5
Nxf5 25. gxf5 bxc3 26. bxc3 Bxc3 27. Rxe4 Qc6 28. Ng5 Bd5 29. Qh5 Ra7 $17) 24.
gxf5 b4 25. Ng5 Bg8 26. Ne6 $1 Bxe6 27. fxe6 Qxe6 28. c4 Rxf4 29. cxd5 Qh3 30.
Qe2 Raf8 31. Qg2 Qxg2+ 32. Nxg2 Rf2 33. Bxe4 Nc8 $1 $15 {Lutz,C-San Segundo,P/
Pamplona 97-98}) (19. Ned5 Kh8) (19. g3 Bxf4 20. gxf4 Qf6 $11) 19... Qg5 (19...
f4 $2 20. Ng4 (20. Qg4+ {Ftacnik} Bg6 21. Bxe4 fxe3 22. Bxg6 exf2+ (22... hxg6
23. Qxg6+ Bg7 24. fxe3 $13 (24. Qe6+ $13)) 23. Rxf2 hxg6 24. Qxg6+ Bg7 25. Raf1
$13) (20. Nf5 $2 Bg6) 20... Bg6 21. Re1 e3 22. fxe3 Bxc2 23. Qxc2 Qg5 24. Nxe5
Nxe5 25. Kh1 $16) 20. f4 exf3 21. Rxf3 $146 {'!?' Ftacnik. Ftacnik: 'The first
independent move in a well known line of Sveshnikov Sicilian. White sacrifices
an exchange in order to get active chances.'} (21. Qxf3 Bh5 22. Qf2 (22. Qh3 {
Ftacnik} f4 23. Nc7 $1 (23. Qd7 Ra7 24. Qxc6 fxe3 25. Rxf8+ Kxf8 26. Qb6 Bxh2+
27. Kxh2 Qh4+ 28. Kg1 Qf2+ $11) 23... fxe3 24. Nxa8 Rxf1+ 25. Rxf1 $16) 22...
f4 23. h4 $6 (23. Nc7 $5) 23... Qd8 24. Nf5 Bg6 25. Nd4 Nxd4 (25... Bxc2 {
Ftacnik} 26. Nxc2 Ne7 27. Nxe7+ Qxe7 $13 28. Nd4) 26. cxd4 {'?!' Ftacnik.} (26.
Bxg6 {Ftacnik} Ne6 (26... Nf5 27. Bxf5 Rxf5 $14) 27. Be4 $14) 26... Bxc2 27.
dxe5 dxe5 28. Qc5 Rf7 $15 {1/2-1/2, Anand,V-Kramnik,V/ Linares 1998 Ftacnik:
'1/2-1/2 Anand,V-Kramnik,V/Linares/1998 (28)'}) 21... Bh5 (21... f4 $2 22. h4
$1 Qd8 23. Nxf4 $1 (23. Ng4 Be6) 23... Qxh4 24. Rh3 $1 Qxf4 25. Bxh7+ Kg7 26.
Nf5+ Kf6 27. Rh4 $1 $18) 22. Nc7 (22. Nxf5 $5 Kh8 23. Qd3 (23. h4 $5) 23...
Bxf3 24. Qxf3 Ra7 $13) 22... Bf4 $1 {'?' Ftacnik. Ftacnik: 'In effect this
move gives up the active dark squared bishop and black position will become
very vulnerable.'} (22... Rac8 23. Ne6 Bxf3 24. Qxf3 Qh6 25. Nxf8 (25. g3 {
Ftacnik} Rf6 (25... Qxe6 $2 26. Bb3 $18) 26. Nxf5 Qd2 27. Bb3 Kh8 28. Rf1 Qxb2
29. Ng5 $13) 25... Bxh2+ 26. Kf1 Rxf8 27. Nxf5 Qf4 28. Qxf4 Bxf4 29. a4 $14) (
22... Bxf3 23. Qxf3 Rac8 24. Bb3+ Kh8 25. Ne6 Qh6 26. Nxf8 Bxh2+ 27. Kf1 Rxf8)
23. Qd5+ Kh8 (23... Bf7 24. Qxc6 Bxe3+ 25. Kh1 $18) 24. Rxf4 (24. Qxc6 Bxe3+
25. Kh1 Rac8 26. Rg3 Qh6 $36) (24. Nf1 Bxf3 25. Qxf3 Ne5 26. Qh3 Qe7 $1 27.
Nxa8 Qa7+ 28. Kh1 Ng4 $19) 24... Qxf4 25. Re1 $2 (25. Nxf5 $1 Ne7 26. Qd4+ (26.
Qxd6 Qxd6 27. Nxd6 Ra7 (27... Rad8 $2 28. Ne6) 28. Ne6 Rf6 $11) 26... Qxd4+ 27.
Nxd4 Ra7 28. Nce6 Rf6 (28... Rb8 $13) 29. a4 $1 $13) (25. Qd2 Rae8 26. Nxe8
Rxe8 27. Re1 Ne5 28. Bxf5 Rg8 $40 (28... Nf3+ 29. gxf3 Rg8+ 30. Bg4 Bxg4 31.
fxg4 Rxg4+ 32. Kh1 Qe4+ 33. Ng2 Rxg2 34. Rxe4 Rxd2 $11) (28... Nc4)) 25... Rac8
$2 (25... Ne5 $1 26. Nxa8 Rg8 $3 27. g3 (27. Qxg8+ $8 Kxg8 28. Bxf5 (28. Nc7
Ng4 $17) 28... Qh4 (28... Bg6 29. Bxg6 hxg6 $15) 29. Rf1 Qg5 30. Nd5 Bf3 31.
Be6+ Kg7 32. g3 Qd2 33. Rf2 Qc1+ 34. Rf1 Qxb2 35. Rf2 Qb1+ 36. Rf1 Qxa2 37. Rf2
Qa1+ 38. Rf1 Qa3 $19) 27... Rxg3+ 28. hxg3 Qxg3+ 29. Kf1 (29. Ng2 Bf3) 29...
Qf4+ 30. Kg1 Nf3+ $19) 26. Ne6 Qh4 27. g3 {Ftacnik: 'Black pieces have lost
coordination and the pawn structure is rather weak.'} Rg8 28. Nxf5 Qc4 {
Ftacnik: 'The queen has no luck with a search for a proper square on the board.
'} 29. Qxd6 $18 Rg6 30. Ne7 {Ftacnik: 'This small combination begins a mating
attack.'} Nxe7 31. Qe5+ Kg8 32. Bxg6 1-0

[Event "Dos Hermanas 10th"]
[Site "Dos Hermanas"]
[Date "1999.04.11"]
[Round "5"]
[White "Polgar, Judit"]
[Black "Topalov, Veselin"]
[Result "0-1"]
[WhiteElo "2677"]
[BlackElo "2700"]
[Annotator "Ftacnik,L"]
[PlyCount "96"]
[EventDate "1999.04.06"]
[EventType "tourn"]
[EventRounds "9"]
[EventCountry "ESP"]
[EventCategory "19"]
[SourceTitle "CBM 071"]
[Source "ChessBase"]
[SourceDate "1999.08.01"]
[SourceVersion "1"]
[SourceVersionDate "1999.08.01"]
[SourceQuality "1"]

1. e4 c5 2. Nf3 d6 3. d4 cxd4 4. Nxd4 Nf6 5. Nc3 a6 6. Be2 e5 7. Nb3 Be7 8. O-O
O-O 9. Kh1 b6 10. a4 Bb7 11. f3 Nc6 12. Nd5 (12. Bg5 Nb4 13. Nb1 h6 (13... Rc8
14. Na3 h6 15. Bh4 g5 16. Bf2 d5 17. c3 Nc6 18. exd5 Nxd5 19. Nc4 b5 20. axb5
axb5 21. Nca5 Nxa5 22. Nxa5 Ba8 23. Bxb5 {1-0 Palac,M-Boric,M/Pula/1999/ (28)})
14. Bxf6 Bxf6 15. Na3 Qc7 16. Qd2 Nc6 17. Nc4 Rfd8 18. a5 bxa5 19. Nbxa5 Nd4
20. Nxb7 Qxb7 21. Bd3 Bg5 22. Qf2 {1-0 Ivanchuk,V-Topalov,V/Monte Carlo/1998/ 
(59)}) 12... Nxd5 13. exd5 Nb4 14. c4 a5 $1 15. Bd2 Na6 16. Bc3 {Black's set
up on the queenside is not nice, but it certainly slows down white's build up
with his pawn majority.} (16. f4 Bf6 17. Bc3 exf4 18. Bxf6 Qxf6 19. Qd2 Rae8
20. Bd3 Qe5 21. Rae1 Qg5 22. Rxe8 Rxe8 23. Rxf4 Nc5 24. Nxc5 bxc5 25. Kg1 g6
26. g3 Qe7 27. Re4 {1/2-1/2 Adams,M-King,D/England/1998/ (27)}) 16... Bg5 $5
17. Bd3 (17. g3 Bc8 18. f4 exf4 19. gxf4 Bf6 20. Nd4 $13) 17... Bc8 18. Qc2 g6
19. g3 Bh3 $1 (19... f5 20. f4 exf4 21. gxf4 Bf6 22. Nd4 Nb4 23. Bxb4 Bxd4 24.
Bc3 $11) 20. Rf2 Nb4 21. Qe2 (21. Bxb4 $5 axb4 22. Nd2 f5 23. Bf1 Bxf1 24. Nxf1
Qc7 $11) 21... Qd7 (21... Nxd3 22. Qxd3 Rc8 $11) 22. Nd2 f5 23. Bxb4 axb4 24.
b3 Qc7 25. Qe1 e4 $5 {The pawn sacrifice is very profound and depends on the
activity of all black pieces.} (25... Qc5 26. Bf1 $11) 26. fxe4 Qg7 $1 27. e5 (
27. exf5 Rae8 28. Qg1 (28. Qb1 Qd4 $17) (28. Re2 $2 Rxe2 29. Bxe2 Bxd2 $19)
28... Be3 $17) (27. Ra2 Qc3 $1 (27... Rae8 28. Nf3 Bf6 (28... fxe4 29. Bxe4 (
29. Nxg5 exd3 $17) 29... Bh6 30. Ng1 $16) 29. Rae2 Bc3 30. Qc1 $14) 28. Bf1 (
28. Nf3 Qxe1+ 29. Nxe1 fxe4 $19) 28... Bxf1 29. Rxf1 Bxd2 30. Qxd2 fxe4 $15)
27... dxe5 28. Bf1 Bg4 (28... Bxf1 29. Nxf1 e4 $15) 29. Be2 h5 $1 30. Bxg4 hxg4
31. c5 (31. Rd1 Be7 $15 (31... e4 32. Nb1 $1 {xb4})) 31... bxc5 32. Nc4 e4 33.
Rd1 Bf6 {The result of the whole operation is rather gloomy for white. He can
claim only one asset in pawn d5, but black controls the whole board and can
roll over his enemy with pawns.} (33... Qc3 34. Qxc3 (34. d6 Qxb3 35. Qf1 e3
36. Rb2 Qxa4 37. Qd3 Qc6+ 38. Kg1 $17) 34... bxc3 35. Ne5 Rfb8 36. Nxg6 Rxb3
$19) 34. d6 Bd4 35. Ra2 Rae8 36. a5 e3 $1 37. Qf1 g5 (37... f4 $5 38. gxf4 Rxf4
39. Qg2 (39. Qxf4 e2 40. Rxe2 (40. Re1 Qb7+) 40... Rxe2 41. a6 Qa7 $19) 39...
Rf2 $17) 38. Qg2 f4 39. Qd5+ Kh8 (39... Rf7 $2 40. d7 Rd8 41. a6 Rdxd7 42. a7
$3 $16) 40. gxf4 gxf4 41. d7 Rd8 {The pawn mass e3-f4-g4 is much more
dangerous than the lonely hero on d7.} 42. Rxd4 (42. Qh5+ Qh7 43. Qxg4 f3 44.
Rxd4 Qb1+ 45. Qg1 Qxg1+ 46. Kxg1 cxd4 $19) 42... cxd4 43. Qh5+ Kg8 44. Rg2 (44.
Qd5+ Kh7 45. Qh5+ Qh6 $19) 44... g3 45. Qd5+ (45. hxg3 f3 $19) 45... Kh7 46.
Qh5+ Qh6 47. Qd5 Qg6 48. a6 f3 $1 (48... e2 49. Rxe2 Qb1+ 50. Kg2 f3+ 51. Kh3
fxe2 52. Qh5+ Kg7 $19) (48... f3 $1 49. Rxg3 Qb1+ 50. Rg1 Qxg1+ $1 51. Kxg1 f2+
$19) 0-1

[Event "Sarajevo Bosnia 29th"]
[Site "Sarajevo"]
[Date "1999.05.17"]
[Round "1"]
[White "Timman, Jan H"]
[Black "Topalov, Veselin"]
[Result "0-1"]
[WhiteElo "2670"]
[BlackElo "2700"]
[Annotator "Huebner,R"]
[PlyCount "74"]
[EventDate "1999.05.17"]
[EventType "tourn"]
[EventRounds "9"]
[EventCountry "BIH"]
[EventCategory "19"]
[SourceTitle "CBM 071"]
[Source "ChessBase"]
[SourceDate "1999.08.01"]
[SourceVersion "1"]
[SourceVersionDate "1999.08.01"]
[SourceQuality "1"]

1. d4 d5 2. c4 c6 3. Nf3 Nf6 4. Nc3 dxc4 5. Ne5 Nbd7 6. Nxc4 b5 7. Ne3 Bb7 8.
g3 c5 9. Bg2 Bxg2 10. Nxg2 Qb6 $11 (10... b4 11. Na4 e6 12. Be3 $6 c4 $15 {
1-0 Sadler,M-Iruzubieta,J/Oviedo 1992/TD (37)}) 11. dxc5 Nxc5 12. Be3 e6 13.
O-O (13. b4 $2 {ist nicht profitabel für Weiß.} Qc6) 13... Qb7 14. Rc1 Ncd7 $6
{Der Rückzug erscheint mir unnötig.} (14... a6 $5 {kam in Betracht, um a2-a4
mit b5-b4 beantworten zu können.}) 15. a4 a6 16. axb5 axb5 {Jetzt hat Schwarz
einige kleine Sorgen mit der Schwäche seines b-Bauern.} 17. Qd3 Rb8 18. Rfd1
Be7 19. Ra1 Qc6 20. Bf4 e5 21. Bg5 O-O 22. Ne3 Bc5 23. Rac1 $6 (23. Ned5 {
sieht konsequenter aus; Weiß hat beachtlichen Druck. Nach dem Textzug kommt
Schwarz mit Hilfe des folgenden Bauernopfers zu Gegenspiel.}) 23... e4 24. Nxe4
Nxe4 25. Qxd7 Qxd7 26. Rxd7 Rbc8 27. Bf4 g5 28. Bc7 Bxe3 (28... Nf6 29. Rxc5
Nxd7 30. Rxg5+ Kh8 31. Bd6 {ist ungünstig für Schwarz.}) 29. fxe3 Rfe8 (29...
f5 $5) 30. Rf1 f6 31. Rf5 Ra8 32. Rxb5 Ra1+ 33. Kg2 Re1 34. Kf3 ({Die Folge} 
34. g4 Rxe2+ 35. Kf1 Rc2 {verspricht dem Weißen ebenfalls keine
Gewinnaussichten.}) 34... Rf1+ 35. Kg4 ({Die Fortsetzung} 35. Kg2 Rf2+ 36. Kg1
Rxe2 {ergibt eine ungefähr ausgeglichene Stellung.}) 35... f5+ 36. Rxf5 $2 (36.
Kh3 Rf2 ({Mit} 36... g4+ 37. Kg2 Rf2+ 38. Kg1 Ra8 39. Rd1 {kann Schwarz nichts
erreichen; die Schwäche des Bauern auf f5 ist lästig.}) 37. g4 {Jetzt ist der
Bauer auf h2 gedeckt, so daß die Anzahl der Mattbilder beträchtlich reduziert
ist.} fxg4+ 38. Kxg4 h5+ (38... Nf6+ 39. Kg3 Ne4+ 40. Kh3 {ist nicht besser
für Schwarz.}) 39. Kh3 Rxe2 $11 {führte zum Remis.}) 36... h5+ 37. Kxh5 Rxf5
0-1